| 000 | 00418nam a22001337a 4500 | ||
|---|---|---|---|
| 999 |
_c527150 _d527150 |
||
| 082 | _a658 | ||
| 100 | _aGhafoor, Myra | ||
| 245 |
_aAN ANALYSIS OF GROUP PROCUREMENT IN PAKISTAN'S RETAILING MARKET / _cMyra Ghafoor |
||
| 300 |
_a51 p. : ill. ; _c30cm. |
||
| 942 |
_2ddc _cTHE |
||
| 690 | _918264 | ||
| 700 |
_aMr. Kamran Khalid _917555 |
||